Hỏi đáp sự kiện lịch sử Việt Nam T. 2

Trình bày những sự kiện lịch sử mang tính bước ngoặt, đánh dấu sự thay đổi về chính trị, kinh tế, văn hóa trong từng giai đoạn phát triển nhất định.

সংরক্ষণ করুন:
গ্রন্থ-পঞ্জীর বিবরন
প্রধান লেখক: Đăng, Trường
বিন্যাস: গ্রন্থ
ভাষা:Undetermined
প্রকাশিত: H. Văn hóa - Thông tin 2010
বিষয়গুলি:
অনলাইন ব্যবহার করুন:http://lrc.tdmu.edu.vn/opac/search/detail.asp?aID=2&ID=14675
ট্যাগগুলো: ট্যাগ যুক্ত করুন
কোনো ট্যাগ নেই, প্রথমজন হিসাবে ট্যাগ করুন!
Thư viện lưu trữ: Trung tâm Học liệu Trường Đại học Thủ Dầu Một
LEADER 00917nam a2200217Ia 4500
001 TDMU_14675
008 210410s9999 xx 000 0 und d
082 |a 959.7003 
090 |b Đ116 
100 |a Đăng, Trường 
245 0 |a Hỏi đáp sự kiện lịch sử Việt Nam 
245 0 |c Đăng Trường 
245 0 |n T. 2 
260 |a H. 
260 |b Văn hóa - Thông tin 
260 |c 2010 
300 |a 256 tr. 
520 |a Trình bày những sự kiện lịch sử mang tính bước ngoặt, đánh dấu sự thay đổi về chính trị, kinh tế, văn hóa trong từng giai đoạn phát triển nhất định. 
650 |a Lịch sử  |x Sự kiện  |v Hỏi đáp  |z Việt Nam 
856 |u http://lrc.tdmu.edu.vn/opac/search/detail.asp?aID=2&ID=14675 
980 |a Trung tâm Học liệu Trường Đại học Thủ Dầu Một